| 000 | 00824nam a22002055i 4500 | ||
|---|---|---|---|
| 001 | 155787 | ||
| 003 | ES-MaACL | ||
| 005 | 20230906210211.0 | ||
| 008 | 040728s1884 xxka |||| | eng d | ||
| 040 |
_aCAM _bspa _cCAM |
||
| 100 | 1 |
_aHunter, Robert. _9128091 |
|
| 245 | 1 | 4 |
_aThe encyclopaedic dictionary _b: a new and original work of reference to all the words in the english language, with a full account of their origin, meaning, pronunciation and use. |
| 250 | _a2nd ed. | ||
| 260 |
_aLondon [etc] : _bCasell & company, _c1884. |
||
| 300 |
_av. : _bil. ; _c27 cm. |
||
| 594 | _aAutor tomado del t.I de la primera edición. | ||
| 650 | 4 |
_aLengua inglesa- _vDiccionarios. _914269 |
|
| 752 |
_aGran Bretaña - _dLondres |
||
| 852 |
_aES-MaACL _jB-11277-11278 _z-- Enc. tela _q-- Contiene unicamente los 2 v. del t.II |
||
| 999 |
_c155787 _d155787 |
||